Oscar Hosts - Statistics

General Stats
  • This quiz has been taken 32,456 times
    8,310 since last reset
  • The average score is 14 of 79
Answer Stats
# Host % Correct
4 Jimmy Kimmel
65%
2 Chris Rock
60%
9 Billy Crystal
59%
2 Conan O'Brien
55%
19 Bob Hope
49%
3 Steve Martin
43%
2 Ellen DeGeneres
42%
1 David Letterman
41%
4 Whoopi Goldberg
38%
5 Johnny Carson
37%
1 Anne Hathaway
35%
1 Robin Williams
33%
1 James Franco
31%
2 James Stewart
30%
2 Jon Stewart
30%
2 Frank Sinatra
28%
1 Hugh Jackman
24%
1 Neil Patrick Harris
24%
2 Sammy Davis, Jr.
24%
1 Amy Schumer
22%
1 Claudette Colbert
21%
2 Chevy Chase
19%
1 Alec Baldwin
18%
2 Jane Fonda
18%
3 Jerry Lewis
18%
1 Seth MacFarlane
18%
1 Dudley Moore
16%
4 Jack Lemmon
16%
1 Lawrence Grant
16%
1 Wanda Sykes
16%
3 David Niven
15%
1 Regina Hall
15%
1 Burt Reynolds
14%
2 Richard Pryor
14%
1 Alan King
13%
1 Fred Astaire
13%
1 Gene Kelly
13%
2 Goldie Hawn
13%
1 Liza Minnelli
13%
1 Laurence Olivier
12%
1 Paul Douglas
12%
2 Walter Matthau
12%
1 Warren Beatty
12%
1 Will Rogers
12%
1 Bob Burns
11%
1 Charlton Heston
11%
1 Rock Hudson
11%
1 Alan Alda
10%
1 Carol Burnett
10%
1 John Huston
10%
1 Lionel Barrymore
10%
1 Paul Hogan
10%
1 Shirley MacLaine
10%
1 Diana Ross
9%
1 Douglas Fairbanks
9%
1 Michael Caine
9%
1 Danny Kaye
8%
1 Helen Hayes
8%
2 Jack Benny
8%
1 Rosalind Russell
8%
2 William C. deMille
8%
1 Donald O'Connor
7%
1 Ellen Burstyn
7%
1 Frank Capra
7%
1 Fredric March
7%
1 George Segal
7%
1 Robert Shaw
7%
1 Tony Randall
7%
1 Celeste Holm
6%
2 Conrad Nagel
6%
1 Irvin S. Cobb
6%
1 Mort Sahl
6%
1 Robert Montgomery
6%
1 Thelma Ritter
6%
1 Agnes Moorehead
5%
1 Dick Powell
5%
1 George Jessel
5%
1 John Cromwell
5%
1 Joseph L. Mankiewicz
5%
No matching quizzes found
Score Distribution
Percent of People with Each Score
Percentile by Number Answered
Your Score History
You have not taken this quiz since the last reset